| 000 | 01419nam0a2200397 4500 | ||
|---|---|---|---|
| 001 | RU\NLR\bibl\1745721 | ||
| 005 | 20250616114523.0 | ||
| 010 |
_a978-5-17-069965-0 _bАСТ _910000 |
||
| 010 |
_a978-5-271-30336-4 _bАстрель |
||
| 010 |
_a978-5-4215-1438-1 _bПолиграфиздат |
||
| 021 |
_aRU _b2011-7779 _9555 |
||
| 035 | _a(nilc)IZD\AST\2007\1033616 | ||
| 035 | _a(NLR Aleph) 001736617 | ||
| 090 |
_a1433105 _c1433105 |
||
| 100 | _a20101217d2010 |||y0rusy50 ca | ||
| 101 | 0 | _arus | |
| 102 | _aRU | ||
| 105 | _aa ||||||||| | ||
| 200 | 1 |
_aАэрогриль _eбыстро! Просто! Вкусно! _fС. М. Жук |
|
| 210 |
_aМосква _cАСТ [и др.] _d2010 |
||
| 215 |
_a31 с. _cцв. ил. _d24 |
||
| 225 | 1 | _aМиллион рецептов | |
| 300 | _aНа обл. авт. не указан | ||
| 606 | 1 |
_aАэрогриль _xПрименение в кулинарии _92203843 _3RU\NLR\auth\661324176 |
|
| 686 |
_a36.997 _vLBC/RL _2rubbk |
||
| 686 |
_a0521 _aКулинарные рецепты _2TCC-BG |
||
| 686 | _aЛ990.2 | ||
| 700 | 1 |
_aЖук _bС. М. _gСветлана Михайловна _4070 |
|
| 801 | 0 |
_aRU _bЛИБНЕТ _c20101217 _gRCR |
|
| 801 | 1 |
_aRU _bЛИБНЕТ _c20101217 |
|
| 801 | 2 |
_aRU _bНБР Карелия _c20110207 |
|
| 801 | 2 |
_aRU _bNLR _c20110314 _grcr |
|
| 830 | _aCODE_OF_LIBNET\000056960 | ||
| 942 | _cBOOK | ||
| 980 | _aNB | ||